[Event "Pristina op"]
[Site "Pristina"]
[Date "2025.06.02"]
[Round "4"]
[White "Burns, Michael"]
[Black "Okhotnik, Vladimir"]
[Result "1/2-1/2"]
[WhiteElo "1993"]
[BlackElo "2272"]
[PlyCount "80"]
[EventDate "2025.05.31"]
[EventType "swiss"]
[EventRounds "9"]
[EventCountry "KOS"]
[SourceTitle "CB24_2025"]
[SourceDate "2025.06.11"]
[SourceVersion "1"]
[SourceVersionDate "2025.06.11"]
[SourceQuality "1"]

1. e4 d6 2. d4 e5 3. Nf3 exd4 4. Nxd4 Nf6 5. Nc3 Be7 6. Bf4 Nc6 7. Qd2 Nxd4 8. Qxd4 Be6 9. 0-0-0 0-0 10. f3 Re8 11. g4 a6 12. h4 c5 13. Qe3 Qa5 14. h5 b5 15. Kb1 b4 16. Nd5 Bxd5 17. exd5 Nd7 18. Qc1 c4 19. g5 c3 20. b3 g6 21. hxg6 hxg6 22. Bd3 Bf8 23. Rh2 Ne5 24. Be4 Bg7 25. Rdh1 Ra7 26. Qf1 Qb5 27. Qh3 Kf8 28. Be3 Qd7 29. Qg2 a5 30. f4 Ng4 31. Rh8+ Bxh8 32. Rxh8+ Ke7 33. Rxe8+ Kxe8 34. Bxa7 Qxa7 35. Qxg4 Qe3 36. Bf3 Kf8 37. Bd1 Qd2 38. Qf3 Kg8 39. Be2 Qe1+ 40. Bd1 Qd2 1/2-1/2

[Event "Pristina op"]
[Site "Pristina"]
[Date "2025.06.01"]
[Round "2"]
[White "Burns, Michael"]
[Black "Shita, Bujar"]
[Result "1-0"]
[WhiteElo "1993"]
[BlackElo "1864"]
[PlyCount "69"]
[EventDate "2025.05.31"]
[EventType "swiss"]
[EventRounds "9"]
[EventCountry "KOS"]
[SourceTitle "CB24_2025"]
[SourceDate "2025.06.11"]
[SourceVersion "1"]
[SourceVersionDate "2025.06.11"]
[SourceQuality "1"]

1. e4 e5 2. Nf3 Nc6 3. Bb5 a6 4. Ba4 Nf6 5. 0-0 b5 6. Bb3 Bc5 7. a4 Bb7 8. d3 h6 9. axb5 axb5 10. Rxa8 Bxa8 11. Nc3 b4 12. Nd5 d6 13. c3 Nxd5 14. exd5 Ne7 15. Ba4+ c6 16. dxc6 Bxc6 17. Bxc6+ Nxc6 18. Qa4 Qd7 19. Qa8+ Nd8 20. d4 Ba7 21. dxe5 0-0 22. Qd5 bxc3 23. bxc3 Qc7 24. Ba3 Qxc3 25. Bxd6 Re8 26. Nh4 Ne6 27. Nf5 Bd4 28. Qe4 Ba7 29. Qg4 Qd2 30. h4 Kh7 31. Ne7 Qf4 32. Qxf4 Nxf4 33. Nc6 Bb6 34. Rb1 Ne2+ 35. Kf1 1-0

[Event "Pristina op"]
[Site "Pristina"]
[Date "2025.05.31"]
[Round "1"]
[White "Bodur, Asil Yanki"]
[Black "Burns, Michael"]
[Result "1-0"]
[WhiteElo "1623"]
[BlackElo "1993"]
[PlyCount "54"]
[EventDate "2025.05.31"]
[EventType "swiss"]
[EventRounds "9"]
[EventCountry "KOS"]
[SourceTitle "CB24_2025"]
[SourceDate "2025.06.11"]
[SourceVersion "1"]
[SourceVersionDate "2025.06.11"]
[SourceQuality "1"]

1. e4 c5 2. Nf3 Nc6 3. d4 cxd4 4. Nxd4 Nf6 5. Nc3 d6 6. f3 e5 7. Nb3 Be7 8. Be3 a6 9. Bc4 0-0 10. Qd2 Qc7 11. a3 Nd4 12. Bxd4 Qxc4 13. Be3 Be6 14. 0-0-0 Rac8 15. Kb1 Rfd8 16. Na5 Qc7 17. Na4 Nd7 18. Nb3 b5 19. Nc3 Nf6 20. Qf2 Rb8 21. Nd5 Nxd5 22. exd5 Bf5 23. g4 Bg6 24. h4 Rdc8 25. Rc1 h5 26. gxh5 Bxh5 27. Rhg1 f6 1-0

[Event "Wch U20 62nd"]
[Site "Petrovac"]
[Date "2025.03.01"]
[Round "5"]
[White "Mohamed, Saeed Laily"]
[Black "Burns, Michael"]
[Result "1-0"]
[WhiteElo "2044"]
[BlackElo "1983"]
[PlyCount "108"]
[EventDate "2025.02.25"]
[EventType "swiss"]
[EventRounds "11"]
[EventCountry "MNE"]
[SourceTitle "CB11_2025"]
[SourceDate "2025.03.12"]
[SourceVersion "1"]
[SourceVersionDate "2025.03.12"]
[SourceQuality "1"]

1. d4 Nf6 2. c4 e6 3. Nc3 Bb4 4. g3 0-0 5. Bg2 d5 6. cxd5 exd5 7. Nf3 c5 8. 0-0 Nc6 9. Bg5 Be6 10. Rc1 h6 11. Bxf6 Qxf6 12. dxc5 Rfd8 13. Na4 d4 14. a3 Ba5 15. b4 Bc7 16. Nb2 a6 17. Qd2 Ne7 18. Nc4 Bd5 19. Rfd1 Nf5 20. Qd3 Be6 21. Nfd2 Rab8 22. Nb3 h5 23. Nca5 Bxb3 24. Nxb3 g5 25. Be4 Nh6 26. Qf3 Qe5 27. Bxb7 h4 28. Bxa6 hxg3 29. hxg3 Nf5 30. Bd3 Nh6 31. Qe4 Qg7 32. Kg2 Re8 33. Qc6 Rbc8 34. Rh1 Ng4 35. Qf3 Ne5 36. Qf5 Nxd3 37. Qxd3 f5 38. Qxf5 Be5 39. Rh5 Bf6 40. Rch1 Qb7+ 41. Qf3 Qxf3+ 42. Kxf3 g4+ 43. Kxg4 Rxe2 44. Rf5 Kg7 45. Rd1 Rd8 46. c6 d3 47. c7 Rc8 48. Rxd3 Rxc7 49. Nc5 Kg6 50. Rd6 Rf7 51. Nd7 Re4+ 52. f4 Rxd7 53. Rfxf6+ Kg7 54. Rxd7+ Kxf6 1-0

[Event "Wch U20 62nd"]
[Site "Petrovac"]
[Date "2025.02.26"]
[Round "2"]
[White "Burns, Michael"]
[Black "Atanasov, Anthony"]
[Result "0-1"]
[WhiteElo "1983"]
[BlackElo "2423"]
[PlyCount "78"]
[EventDate "2025.02.25"]
[EventType "swiss"]
[EventRounds "11"]
[EventCountry "MNE"]
[SourceTitle "CB11_2025"]
[SourceDate "2025.03.12"]
[SourceVersion "1"]
[SourceVersionDate "2025.03.12"]
[SourceQuality "1"]

1. e4 c5 2. Nf3 Nc6 3. Bb5 Nf6 4. Bxc6 dxc6 5. d3 Qc7 6. Nbd2 e5 7. Nc4 b5 8. Ne3 Bd6 9. a4 g6 10. 0-0 0-0 11. b3 Bb7 12. Nh4 Ne8 13. f4 exf4 14. Ng4 h5 15. Nh6+ Kh7 16. N6f5 Be5 17. Ra2 f6 18. g3 gxf5 19. Qxh5+ Kg8 20. Ng6 Ng7 21. Qh6 fxg3 22. Bf4 Rae8 23. hxg3 c4 24. Bxe5 Rxe5 25. Qh8+ Kf7 26. Qxf8+ Kxg6 27. g4 Re8 28. gxf5+ Kg5 29. Qxe8 Qg3+ 30. Kh1 Qh3+ 31. Kg1 Qg3+ 32. Kh1 Qh3+ 33. Kg1 Qe3+ 34. Kh1 Nxe8 35. c3 cxd3 36. Rg2+ Kh6 37. Rg6+ Kh7 38. Kg2 Qxe4+ 39. Kg3 Ng7 0-1

[Event "Skopje op-A"]
[Site "Skopje"]
[Date "2024.12.17"]
[Round "9"]
[White "Hristovski, Srdzan"]
[Black "Burns, Michael"]
[Result "1/2-1/2"]
[WhiteElo "2029"]
[BlackElo "1907"]
[PlyCount "146"]
[EventDate "2024.12.11"]
[EventType "swiss"]
[EventRounds "9"]
[EventCountry "MKD"]
[SourceTitle "CB52_2024"]
[SourceDate "2024.12.25"]
[SourceVersion "1"]
[SourceVersionDate "2024.12.25"]
[SourceQuality "1"]

1. d4 Nf6 2. c4 e6 3. Nf3 d5 4. Nc3 Bb4 5. e3 0-0 6. Qc2 Nbd7 7. a3 Be7 8. Bd3 c6 9. 0-0 b6 10. b4 Bb7 11. c5 a5 12. Bd2 Qc7 13. Ne2 bxc5 14. dxc5 Ba6 15. Bxa6 Rxa6 16. Bc3 Ne4 17. Bd4 Rb8 18. Rfb1 e5 19. Bb2 Rba8 20. Nc3 Nxc3 21. Bxc3 axb4 22. axb4 Rxa1 23. Bxa1 Bf6 24. g3 Ra6 25. Bc3 Qa7 26. Kg2 e4 27. Nd4 Ra2 28. Rb2 Rxb2 29. Qxb2 Qa4 30. Qa1 Qxa1 31. Bxa1 Bxd4 32. Bxd4 Nb8 33. Kf1 f6 34. Ke2 Kf7 35. Kd2 Na6 36. Kc3 Ke7 37. g4 Kd7 38. h4 Nc7 39. Kd2 Na6 40. Bc3 Nc7 41. Ke2 Ke6 42. f3 Nb5 43. Bb2 Nc7 44. Kf2 exf3 45. Kxf3 g6 46. Kf4 d4 47. e4 Nb5 48. g5 fxg5+ 49. hxg5 Nc7 50. Bxd4 Na6 51. Bc3 Nc7 52. Ke3 Kd7 53. Kd3 Ne6 54. Bd2 Nc7 55. Kd4 Ke6 56. Bf4 Nb5+ 57. Kc4 Kd7 58. Bb8 Ke6 59. Bf4 Kd7 60. Be5 Ke6 61. Bb2 Kd7 62. Kb3 Nc7 63. Ka4 Ne6 64. Bc1 Kc7 65. Be3 Kb7 66. b5 Nc7 67. b6 Ne6 68. Kb4 Ka6 69. Ka4 Nd8 70. Kb4 Ne6 71. Kc4 Kb7 72. Kb4 Ka6 73. Ka4 Nd8 1/2-1/2

[Event "Skopje op-A"]
[Site "Skopje"]
[Date "2024.12.15"]
[Round "7"]
[White "Skodras, Marios Konstantinos"]
[Black "Burns, Michael"]
[Result "1/2-1/2"]
[WhiteElo "2017"]
[BlackElo "1907"]
[PlyCount "90"]
[EventDate "2024.12.11"]
[EventType "swiss"]
[EventRounds "9"]
[EventCountry "MKD"]
[SourceTitle "CB52_2024"]
[SourceDate "2024.12.25"]
[SourceVersion "1"]
[SourceVersionDate "2024.12.25"]
[SourceQuality "1"]

1. e4 c5 2. Nf3 e6 3. d3 Nc6 4. Nbd2 a6 5. g3 Nge7 6. Bg2 d5 7. 0-0 g6 8. Re1 Bg7 9. e5 Qc7 10. Qe2 0-0 11. Nf1 Nd4 12. Nxd4 cxd4 13. Bf4 Bd7 14. h4 Rac8 15. Rac1 Nf5 16. Bh3 Qd8 17. Nh2 h6 18. Qd2 Kh7 19. Bxf5 exf5 20. Qb4 b5 21. Nf3 Be6 22. Qxd4 Re8 23. Qe3 Qa5 24. a3 Re7 25. Qd2 Qb6 26. c3 a5 27. Be3 Qb7 28. b4 d4 29. Nxd4 Bxe5 30. Nxe6 Rxe6 31. Bxh6 Qf3 32. Bg5 axb4 33. axb4 f4 34. Bxf4 Bxf4 35. Qxf4 Qxf4 36. gxf4 Rxe1+ 37. Rxe1 Rxc3 38. Re7 Kg7 39. Rd7 Rb3 40. Rd4 Kf6 41. Kg2 Ke6 42. Kf3 f5 43. Ke3 Rb2 44. Kf3 Ke7 45. Kg3 Ke6 1/2-1/2

[Event "Skopje op-A"]
[Site "Skopje"]
[Date "2024.12.12"]
[Round "2"]
[White "Petrov, Georgi"]
[Black "Burns, Michael"]
[Result "0-1"]
[WhiteElo "2112"]
[BlackElo "1907"]
[PlyCount "64"]
[EventDate "2024.12.11"]
[EventType "swiss"]
[EventRounds "9"]
[EventCountry "MKD"]
[SourceTitle "CB52_2024"]
[SourceDate "2024.12.25"]
[SourceVersion "1"]
[SourceVersionDate "2024.12.25"]
[SourceQuality "1"]

1. e4 c5 2. Nf3 e6 3. d4 cxd4 4. Nxd4 a6 5. Bd3 Bc5 6. Nb3 Be7 7. 0-0 d6 8. Qe2 Nc6 9. c4 Ne5 10. Bf4 Nxd3 11. Qxd3 Nf6 12. Rd1 0-0 13. Nc3 b5 14. cxb5 axb5 15. Qxb5 Ba6 16. Qc6 Nh5 17. Bg3 Nxg3 18. hxg3 Qb8 19. Qa4 Be2 20. Qd4 Bxd1 21. Rxd1 Bf6 22. Qd2 Qb4 23. Nc1 Rfc8 24. N1e2 Rab8 25. Rc1 Qxb2 26. Rc2 Qb4 27. a4 Rc4 28. Nb5 Qb1+ 29. Rc1 Rxc1+ 30. Qxc1 Qxc1+ 31. Nxc1 Ra8 32. Nxd6 Rxa4 0-1

[Event "Plovdiv Tringov Memorial 46th"]
[Site "Plovdiv"]
[Date "2024.08.14"]
[Round "5"]
[White "Marholev, Dimitar"]
[Black "Burns, Michael"]
[Result "1/2-1/2"]
[WhiteElo "2124"]
[BlackElo "1843"]
[PlyCount "84"]
[EventDate "2024.08.11"]
[EventType "swiss"]
[EventRounds "9"]
[EventCountry "BUL"]
[SourceTitle "CBM 221 Extra"]
[Source "ChessBase"]
[SourceDate "2024.09.30"]
[SourceVersion "1"]
[SourceVersionDate "2024.09.30"]
[SourceQuality "1"]

1. e4 e6 2. d4 d5 3. exd5 exd5 4. h3 Nf6 5. Nf3 h6 6. Bd3 Bd6 7. 0-0 0-0 8. Ne5 c5 9. c3 Nc6 10. Nxc6 bxc6 11. Nd2 cxd4 12. cxd4 c5 13. dxc5 Bxc5 14. Nb3 Bd6 15. Qf3 Qe7 16. Bf4 Bxf4 17. Qxf4 a5 18. Rfe1 Qb4 19. Qxb4 axb4 20. a4 bxa3 21. bxa3 Ba6 22. Bxa6 Rxa6 23. a4 Rfa8 24. a5 Ne4 25. Red1 Rb8 26. Rd3 Rb5 27. Rc1 Nd6 28. Rc7 Nc4 29. Rf3 Ne5 30. Re3 d4 31. Nxd4 Rbxa5 32. f4 Rd5 33. Ne2 Nd7 34. Re8+ Kh7 35. Re7 Re6 36. Nc3 Rd1+ 37. Nxd1 Rxe7 38. Kf2 f6 39. Ne3 Rf7 40. Nd5 f5 41. g4 fxg4 42. hxg4 Ne5 1/2-1/2

[Event "FRM-ch U16"]
[Site "Strumica"]
[Date "2024.06.25"]
[Round "4"]
[White "Stojcheski, Aleksandar"]
[Black "Burns, Michael"]
[Result "0-1"]
[WhiteElo "1713"]
[BlackElo "1875"]
[PlyCount "55"]
[EventDate "2024.06.23"]
[EventType "swiss"]
[EventRounds "8"]
[EventCountry "MKD"]
[SourceTitle "EXT 2025"]
[Source "ChessBase"]
[SourceDate "2024.10.14"]
[SourceVersion "1"]
[SourceVersionDate "2024.10.14"]
[SourceQuality "1"]

1. Nf3 Nf6 2. b3 g6 3. Bb2 Bg7 4. e3 0-0 5. Be2 c5 6. 0-0 d5 7. c4 e6 8. d3 b6 9. Nbd2 Bb7 10. Qc2 Nc6 11. Rad1 Qc7 12. a3 Rfd8 13. cxd5 exd5 14. d4 Qe7 15. dxc5 bxc5 16. Bxf6 Bxf6 17. Rc1 Rac8 18. Qxc5 Nd4 19. Qxd4 Bxd4 20. Nxd4 Rxc1 21. Rxc1 Qxa3 22. Rc2 Rc8 23. Rxc8+ Bxc8 24. h3 Qc1+ 25. Nf1 Qe1 26. g4 f5 27. Kg2 a6 28. Nf3 0-1

[Event "FRM-ch U16"]
[Site "Strumica"]
[Date "2024.06.24"]
[Round "2"]
[White "Popov, Hristijan"]
[Black "Burns, Michael"]
[Result "1/2-1/2"]
[WhiteElo "1521"]
[BlackElo "1875"]
[PlyCount "67"]
[EventDate "2024.06.23"]
[EventType "swiss"]
[EventRounds "8"]
[EventCountry "MKD"]
[SourceTitle "EXT 2025"]
[Source "ChessBase"]
[SourceDate "2024.10.14"]
[SourceVersion "1"]
[SourceVersionDate "2024.10.14"]
[SourceQuality "1"]

1. e4 c5 2. Nc3 Nc6 3. g3 g6 4. Bg2 Bg7 5. d3 d6 6. f4 e6 7. Nf3 Nge7 8. Be3 Nd4 9. 0-0 0-0 10. Qd2 Nec6 11. Nd1 d5 12. Nxd4 cxd4 13. Bf2 dxe4 14. dxe4 Qc7 15. e5 Rd8 16. c3 Qa5 17. Be1 Qb6 18. Bf2 Bh6 19. Bxc6 Qxc6 20. Bxd4 Qe4 21. Qe3 Qd5 22. Qf3 Qb5 23. Rf2 Bd7 24. Qe2 Qa5 25. Ne3 Bc6 26. h4 b5 27. Ng4 Bg7 28. b4 Qc7 29. Nf6+ Bxf6 30. exf6 Qd7 31. Qe5 Qd5 32. Rh2 Qxe5 33. fxe5 h5 34. Rd1 1/2-1/2

[Event "FRM-ch op"]
[Site "Skopje"]
[Date "2024.05.13"]
[Round "4"]
[White "Burns, Michael"]
[Black "Trajkovski, Mile"]
[Result "1-0"]
[WhiteElo "1688"]
[BlackElo "1917"]
[PlyCount "67"]
[EventDate "2024.05.11"]
[EventType "swiss"]
[EventRounds "9"]
[EventCountry "MKD"]
[SourceTitle "CBM 220 Extra"]
[Source "ChessBase"]
[SourceDate "2024.07.31"]
[SourceVersion "1"]
[SourceVersionDate "2024.07.31"]
[SourceQuality "1"]

1. e4 c5 2. Nf3 e6 3. d4 cxd4 4. Nxd4 a6 5. Bd3 Qc7 6. 0-0 b5 7. Kh1 Bc5 8. Nb3 Ba7 9. f4 h5 10. Qe2 Nf6 11. Be3 Ng4 12. Bxa7 Rxa7 13. Nc3 Bb7 14. h3 g5 15. g3 gxf4 16. Rxf4 Ne5 17. Raf1 Nbc6 18. Qf2 d6 19. Kg1 b4 20. Ne2 Ba8 21. Ned4 Nxd3 22. cxd3 Nxd4 23. Nxd4 e5 24. Ne6 Qd7 25. Rf6 Rg8 26. h4 Rb7 27. Ng5 Rg7 28. Rh6 Rg8 29. Nh7 Qh3 30. Nf6+ Kf8 31. Nxg8 Kxg8 32. Qe3 f6 33. Rg6+ Rg7 34. Qh6 1-0

[Event "FRM-ch op"]
[Site "Skopje"]
[Date "2024.05.12"]
[Round "3"]
[White "Ilic, Ljubomir"]
[Black "Burns, Michael"]
[Result "1/2-1/2"]
[WhiteElo "2051"]
[BlackElo "1688"]
[PlyCount "106"]
[EventDate "2024.05.11"]
[EventType "swiss"]
[EventRounds "9"]
[EventCountry "MKD"]
[SourceTitle "CBM 220 Extra"]
[Source "ChessBase"]
[SourceDate "2024.07.31"]
[SourceVersion "1"]
[SourceVersionDate "2024.07.31"]
[SourceQuality "1"]

1. e4 c5 2. Nf3 e6 3. d4 cxd4 4. Nxd4 a6 5. Bd3 Bc5 6. Nb3 Be7 7. 0-0 d6 8. f4 Nd7 9. Kh1 Ngf6 10. Qe2 Qc7 11. Nc3 b5 12. a4 b4 13. Na2 Qb8 14. Bd2 a5 15. Nd4 Bb7 16. c3 bxc3 17. Nxc3 0-0 18. Rae1 d5 19. exd5 Bxd5 20. Bb5 Qb6 21. Nxd5 Nxd5 22. Nxe6 fxe6 23. Bxd7 Nc7 24. Bxe6+ Nxe6 25. Qxe6+ Qxe6 26. Rxe6 Bf6 27. Bc3 Bxc3 28. bxc3 Rfc8 29. h3 Rxc3 30. Rd1 Ra7 31. Rd4 Rb3 32. Ree4 Rab7 33. Re5 R3b4 34. Rd8+ Kf7 35. Rxa5 Rxf4 36. Rb5 Rxb5 37. axb5 Rb4 38. Rb8 h5 39. b6 Kg6 40. Kg1 Rb2 41. Kf1 Kg5 42. g3 h4 43. gxh4+ Kxh4 44. b7 Kg3 45. h4 g6 46. Ke1 Kg4 47. Kd1 Kg3 48. Kc1 Rb6 49. Kc2 Rb4 50. Kc3 Rb1 51. Kd4 Rb4+ 52. Ke5 Kh3 53. Kf6 Rb6+ 1/2-1/2

[Event "FRM-ch U14"]
[Site "Struga"]
[Date "2023.06.21"]
[Round "7"]
[White "Burns, Michael"]
[Black "Naskov, Malachi"]
[Result "1/2-1/2"]
[WhiteElo "1332"]
[BlackElo "1219"]
[PlyCount "81"]
[EventDate "2023.06.17"]
[EventType "swiss"]
[EventRounds "9"]
[EventCountry "MKD"]
[SourceTitle "EXT 2024"]
[Source "ChessBase"]
[SourceDate "2023.10.10"]
[SourceVersion "1"]
[SourceVersionDate "2023.10.10"]
[SourceQuality "1"]

1. e4 c6 2. d4 d5 3. e5 Bf5 4. h4 h5 5. c4 e6 6. Nc3 Nd7 7. a3 Ne7 8. Nf3 Ng6 9. Be3 Bg4 10. g3 dxc4 11. Bxc4 Ndxe5 12. Be2 Nxf3+ 13. Bxf3 Bxf3 14. Qxf3 Bd6 15. 0-0-0 Qc7 16. Kb1 Qa5 17. Bd2 Qf5+ 18. Qxf5 exf5 19. d5 cxd5 20. Nxd5 0-0 21. Bg5 Bc5 22. Rhf1 Rac8 23. b4 Bb6 24. Nxb6 axb6 25. Rd7 Ra8 26. Kb2 Rfb8 27. Be3 Ne5 28. Rd4 g6 29. Kb3 Ng4 30. Rfd1 Nxe3 31. fxe3 Re8 32. R1d3 Re7 33. Rd8+ Rxd8 34. Rxd8+ Kg7 35. Rd3 b5 36. a4 bxa4+ 37. Kxa4 Re4 38. Ka5 b6+ 39. Kb5 Re6 40. Rc3 Kh6 41. Rc6 1/2-1/2

[Event "FRM-ch op"]
[Site "Skopje"]
[Date "2023.05.09"]
[Round "7"]
[White "Burns, Michael"]
[Black "Vesovski, Zoran"]
[Result "0-1"]
[WhiteElo "1332"]
[BlackElo "1797"]
[PlyCount "94"]
[EventDate "2023.05.04"]
[EventType "swiss"]
[EventRounds "9"]
[EventCountry "MKD"]
[SourceTitle "CBM 214 Extra"]
[Source "ChessBase"]
[SourceDate "2023.07.31"]
[SourceVersion "1"]
[SourceVersionDate "2023.07.31"]
[SourceQuality "1"]

1. e4 c5 2. Nf3 Nc6 3. d4 cxd4 4. Nxd4 g6 5. Be3 Bg7 6. Bc4 d6 7. 0-0 Nf6 8. f3 0-0 9. Nc3 a6 10. a4 Qa5 11. Nb3 Qc7 12. Rc1 e6 13. Bd3 Rd8 14. Qd2 d5 15. exd5 Nxd5 16. Nxd5 Rxd5 17. Rb1 Rh5 18. Bf4 e5 19. g4 Rh4 20. Qf2 Qe7 21. Bg3 Rh6 22. Rfe1 Be6 23. Qc5 Qc7 24. Kg2 b6 25. Qe3 f5 26. gxf5 gxf5 27. f4 e4 28. Be2 Nb4 29. Bd1 Nd5 30. Qd2 Rd8 31. Nd4 Bc8 32. c3 Rf6 33. Bb3 Bb7 34. Bxd5+ Bxd5 35. Qe3 Rf7 36. Re2 Bc4 37. Rd2 Bxd4 38. Rxd4 Bd3 39. Re1 Rfd7 40. Rxd7 Rxd7 41. Kh3 Qc6 42. Rg1 Rd6 43. Bf2+ Kf8 44. Rg5 Bf1+ 45. Kh4 Rh6+ 46. Rh5 Qf6+ 47. Kg3 Rxh5 0-1